000
00322nam a22001337a 4500
008
181023b xxu||||| |||| 00| 0 eng d
020
_a
2740266871225
041
_a
eng
080
_2
3 ed
_a
159.9
100
_a
316
101
_a
SOC
245
_a
Womens Lives A psylogical Exploration
_c
Etaugh.C.A
942
_2
udc
_c
BK
999
_c
50563
_d
50563